000 00251nam a2200109Ia 4500
008 190216s9999||||xx |||||||||||||| ||und||
100 _aGalboraith G K
245 4 _aThe Non-Potable Scotel
260 _bPenguin Books
650 _aEnglish
942 _cBK
999 _c12712
_d12712